000 01256nab a22002297a 4500
999 _c5288
_d5288
003 OSt
005 20250214094131.0
008 190604e xxu||||| |||| 00| 0 spa d
040 _cPJ
100 _96345
_aMartínez, Ignacio A.
245 1 3 _aLos decretos de necesidad y urgencia en Argentina a 30 años de su incorporación al texto constitucional /
_cIgnacio A. Martinez.
260 _aCiudad Autónoma de Buenos Aires :
_bThomson Reuters La Ley,
_c2025.
300 _ap. 5-10
500 _aCita Online: TR LALEY AR/DOC/2700/2024.
505 _aSumario: I. Introducción.— II. Origen y antecedentes de los decretos de necesidad y urgencia en Argentina.— III. El DNU o decreto de necesidad y urgencia. Nociones y alcances en el sistema constitucional argentino.— IV. ¿Más presidencialismo o más control?— V. Conclusiones.
505 _t¿Te interesa el texto completo? Solicitalo al correo: koha@justierradelfuego.gov.ar
650 0 _9200
_aDECRETOS DE NECESIDAD Y URGENCIA
650 0 _9766
_aCONSTITUCION NACIONAL
650 0 _94597
_aCONSTITUCIONALIDAD
773 0 _02714
_93171
_dCiudad Autónoma de Buenos Aires : Thomson Reuters La Ley, 2014-
_tRevista anales de legislación argentina. Nº 12 - Diciembre 2024.
942 _2udc
_cANA